Renewable Energy Resources / (Record no. 152309)
[ view plain ]
| 000 -LEADER | |
|---|---|
| fixed length control field | 00594nam a22001937a 4500 |
| 005 - DATE AND TIME OF LATEST TRANSACTION | |
| control field | 20180528114657.0 |
| 020 ## - INTERNATIONAL STANDARD BOOK NUMBER | |
| International Standard Book Number | 9780415584388 |
| Terms of availability | 1695.00 |
| 037 ## - SOURCE OF ACQUISITION | |
| Source of stock number/acquisition | RK Books |
| 082 ## - DEWEY DECIMAL CLASSIFICATION NUMBER | |
| Classification number | 621.042 |
| 100 ## - MAIN ENTRY--PERSONAL NAME | |
| Personal name | Twidell, John |
| 245 ## - TITLE STATEMENT | |
| Title | Renewable Energy Resources / |
| Statement of responsibility, etc | John Twidell |
| 250 ## - EDITION STATEMENT | |
| Edition statement | 3rd ed. |
| 260 ## - PUBLICATION, DISTRIBUTION, ETC. (IMPRINT) | |
| Place of publication, distribution, etc | New York |
| Name of publisher, distributor, etc | Routledge |
| Date of publication, distribution, etc | 2016 |
| 270 ## - ADDRESS | |
| Address | 711, Third Avenue |
| City | New York |
| Postal code | 10017 |
| 300 ## - PHYSICAL DESCRIPTION | |
| Extent | 784p. |
| Other physical details | ill. |
| Dimensions | 25cm. |
| 500 ## - GENERAL NOTE | |
| General note | Includes Index |
| 942 ## - ADDED ENTRY ELEMENTS (KOHA) | |
| Source of classification or shelving scheme | Dewey Decimal Classification |
| Item type | English Books |
| Classification part | 621.042 |
| Call number suffix | TWI |
| Withdrawn status | Lost status | Not for loan | Collection code | Home library | Current library | Date acquired | Source of acquisition | Cost, normal purchase price | Full call number | Barcode | Copy number | Cost, replacement price | Koha item type |
|---|---|---|---|---|---|---|---|---|---|---|---|---|---|
| Non-fiction | Sarojini Nagar | Sarojini Nagar | 01/06/2018 | R.K.Books/398/23.05.2018/456/18.05.2018/29.05.2018 | 1695.00 | 621.042 TWI | B-694059 | 1 | 1695.00 | English Books |
